00607nam a2200193Ia 4500008004100000020001300041082001700054100002100071245003300092250000800125260003400133300002900167500001900196600002700215650001500242942000700257952013400264999001500398240925s9999 xx 000 0 und d a72283645 a621.3192 HAY aHayt, William H. 0aEngineering Circuit Analysis a6th aBoston:bMC Graw-Hillc,2002. axxvii,900p.bNAfPirated aIncludes Index aElectronic Engineering aTechnology cBK 001040708ELaUITUbUITUd2008-09-10eF.B.Cg485.00l5m3o621.3192 HAYpQ6072r2026-01-19 16:24:07s2026-01-14w2024-09-25yBK c8571d8571